000
00303nam a22001337a 4500
008
170814b xxu||||| |||| 00| 0 eng d
020
_a
9780321912732
041
_a
eng
080
_a
51
100
_a
36
101
_a
MAT
245
_a
MY MATHLAB THINKING MATHEMATICALLY
_c
BLITZER
942
_2
udc
_c
BK
999
_c
23350
_d
23350